[Event "Corr"]
[Site "?"]
[Date "2001.09.16"]
[Round "?"]
[White "Draba Henryk"]
[Black "Rutkowski Zbigniew"]
[Result "1-0"]
[WhiteElo "2004"]
[BlackElo "1800"]
[PlyCount "89"]
[EventDate "2001.??.??"]
[Source "www.chesslib.no"]
[SourceDate "2004.05.04"]

1. e4 e5 2. f4 exf4 3. Nf3 Bb4 4. Bc4 f5 5. exf5 d5 6. Bb3 Bxf5 7. O-O Bg4 8. d4 Ne7 9. Bxf4 O-O 10. Bg5 c6 11. Qd3 Bf5 12. Qe3 h6 13. Bh4 a5 14. a3 Bd6 15. c4 dxc4 16. Bxc4+ Kh8 17. Re1 b5 18. Bxe7 Bxe7 19. Qxe7 Qxe7 20. Rxe7 bxc4 21. Nbd2 Nd7 22. Nxc4 Nf6 23. Nfe5 Nd5 24. Rb7 Bc8 25. Ng6+ Kg8 26. Nxf8 Bxb7 27. Ne6 Ba6 28. Ne5 Rb8 29. Nc5 Be2 30. b3 Rc8 31. Nb7 Ba6 32. Nxa5 c5 33. dxc5 Rxc5 34. Nac4 Nb6 35. Rc1 Rc8 36. Kf2 Nd5 37. g3 Nf6 38. Ke3 g5 39. Kd4 h5 40. a4 h4 41. gxh4 gxh4 42. Rg1+ Kh7 43. Nd6 Rc2 44. Nf5 Rc7 45. Rg6 1-0

[Event "Centrocoop Sept op"]
[Site "?"]
[Date "1999.??.??"]
[Round "?"]
[White "Birinyi Zoltan2"]
[Black "Sidorov Alexey"]
[Result "1-0"]
[WhiteElo "2150"]
[BlackElo "1650"]
[PlyCount "67"]
[EventDate "1999.??.??"]
[Source "www.chesslib.no"]
[SourceDate "2004.05.04"]

1. e4 e5 2. f4 exf4 3. Nf3 Nc6 4. Bc4 d6 5. d4 g5 6. O-O Bg4 7. c3 a6 8. g3 fxg3 9. Bxf7+ Ke7 10. hxg3 Nf6 11. Bd5 Qe8 12. Qd3 Qg6 13. Qc4 Qh5 14. Nh2 Be2 15. Qb3 Bxf1 16. Nxf1 Nxd5 17. exd5 Nd8 18. Na3 Qg4 19. Bd2 h5 20. Re1+ Kd7 21. Nc2 h4 22. Nce3 Qh3 23. g4 Bg7 24. Qd1 Rf8 25. Nf5 Rxf5 26. gxf5 Qxf5 27. Ne3 Qh3 28. Qh5 Qg3+ 29. Kf1 Qh2 30. Qg4+ Ke7 31. Qxg5+ Kf8 32. Nf5 Qh1+ 33. Ke2 Qe4+ 34. Kf2 1-0

[Event "Condom"]
[Site "?"]
[Date "2005.07.15"]
[Round "8.40"]
[White "Tchefranoff Stephane"]
[Black "Cwiek Perrine"]
[Result "1-0"]
[WhiteElo "2011"]
[BlackElo "1780"]
[PlyCount "67"]
[EventDate "2005.??.??"]
[Source "www.chesslib.no"]
[SourceDate "2004.05.04"]

1. e4 e5 2. f4 exf4 3. Nf3 Nc6 4. d4 d6 5. Bxf4 Nf6 6. Nc3 Bg4 7. Be2 Be7 8. h3 Bh5 9. Bb5 O-O 10. a3 d5 11. e5 Ne4 12. O-O Bh4 13. Be2 Bg3 14. Nxe4 Bxf4 15. Ned2 Be3+ 16. Kh1 Qe7 17. c3 Qe6 18. Nh2 Bxe2 19. Qxe2 Bh6 20. Ng4 Bg5 21. Nf3 Bf4 22. Ne1 Bg3 23. Qf3 Bh4 24. Nd3 h5 25. Ne3 Qg6 26. Nf4 Qh6 27. Nf5 Qg5 28. Nxd5 Qd8 29. Nxh4 Qxh4 30. Nxc7 Rad8 31. Nd5 Rd7 32. Nf4 g6 33. Nxg6 Re8 34. Nxh4 1-0

[Event "Ruhr-chS 4th"]
[Site "?"]
[Date "1997.??.??"]
[Round "6"]
[White "Stemmer, Harald"]
[Black "Matthias, Kurt"]
[Result "1-0"]
[WhiteElo "1950"]
[BlackElo "1805"]
[PlyCount "117"]
[EventDate "1997.??.??"]
[Source "www.chesslib.no"]
[SourceDate "2004.05.04"]

1. e4 e5 2. f4 exf4 3. Nf3 Nc6 4. d4 d6 5. Bxf4 Bg4 6. Be2 Nf6 7. Nc3 Nh5 8. Be3 Be7 9. Nd5 Nf6 10. Nc3 Bh5 11. O-O Bg6 12. Nd2 O-O 13. a3 Nd7 14. Bd3 Bg5 15. Qe2 Bxe3+ 16. Qxe3 Ne7 17. Rae1 c6 18. Ne2 f5 19. Nf4 fxe4 20. Bxe4 Qe8 21. Bxg6 Nxg6 22. Qb3+ Qf7 23. Ne6 Nf6 24. Nxf8 Kxf8 25. Qxf7+ Kxf7 26. Ne4 Rd8 27. g4 h6 28. g5 hxg5 29. Nxg5+ Kg8 30. Re6 d5 31. Kg2 Rd7 32. h3 Nf8 33. Re2 Ng6 34. Kf2 Nf4 35. Re3 b6 36. Kf3 Ng6 37. Rfe1 Nh4+ 38. Kf2 Ng6 39. Kg1 c5 40. c3 cxd4 41. cxd4 Rd8 42. Rc3 Ne8 43. Rec1 Rd7 44. Rc8 Re7 45. Kf2 Nf4 46. Kf3 Nd3 47. R1c7 Re1 48. Rxa7 Nxb2 49. Rb7 Nc4 50. Kf2 Ncd6 51. Kxe1 Nxc8 52. Kd2 Kf8 53. Ne6+ Kg8 54. Rb8 Ned6 55. Nc7 Kf7 56. Nxd5 Ke6 57. Nxb6 Nxb6 58. Rxb6 Kd5 59. Rxd6+ 1-0

[Event "Wagenbach Variation"]
[Site "?"]
[Date "2000.??.??"]
[Round "?"]
[White "Marcotulli Giancarlo"]
[Black "Johnsrud Jeffory"]
[Result "0-1"]
[WhiteElo "1700"]
[BlackElo "2050"]
[PlyCount "66"]
[EventDate "2000.??.??"]
[Source "www.chesslib.no"]
[SourceDate "2004.05.04"]

1. e4 e5 2. f4 exf4 3. Nf3 h5 4. Bc4 g5 5. Ne5 Qe7 6. Nxf7 Rh7 7. d3 Nc6 8. Nd6+ Qxd6 9. Bxg8 Rh8 10. Bd5 h4 11. h3 Bg7 12. c3 Ne7 13. Bb3 b6 14. d4 Ba6 15. Nd2 Nf5 16. Qf3 Qe7 17. e5 Rd8 18. Ne4 d5 19. Bxd5 Rxd5 20. Nf6+ Bxf6 21. Qxd5 Ng3 22. Rg1 Bg7 23. Bd2 Qd7 24. Qxd7+ Kxd7 25. a4 Bc4 26. a5 b5 27. b4 Ke6 28. Kd1 Bb3+ 29. Ke1 Rf8 30. Rc1 Bh6 31. a6 Ne4 32. Rb1 Bc4 33. Rb2 f3 0-1

[Event "Wagenbach Variation"]
[Site "?"]
[Date "2000.??.??"]
[Round "?"]
[White "Johnsrud Jeffory"]
[Black "Marcotulli Giancarlo"]
[Result "1-0"]
[WhiteElo "2050"]
[BlackElo "1700"]
[PlyCount "37"]
[EventDate "2000.??.??"]
[Source "www.chesslib.no"]
[SourceDate "2004.05.04"]

1. e4 e5 2. f4 exf4 3. Nf3 h5 4. d4 g5 5. Bc4 Nh6 6. Nc3 Bb4 7. h4 g4 8. Ne5 Qe7 9. Bxf4 Bxc3+ 10. bxc3 f6 11. Bxh6 Rxh6 12. Bf7+ Kd8 13. Qd2 Rh7 14. Bg6 fxe5 15. Bxh7 Qxh7 16. Qg5+ Qe7 17. O-O Qxg5 18. hxg5 Nc6 19. g6 1-0

[Event "Guingamp"]
[Site "?"]
[Date "2002.04.17"]
[Round "3"]
[White "Cupido Alexander"]
[Black "Bidet Michel"]
[Result "1-0"]
[WhiteElo "2008"]
[BlackElo "1730"]
[PlyCount "46"]
[EventDate "2002.??.??"]
[Source "www.chesslib.no"]
[SourceDate "2004.05.04"]

1. e4 e5 2. f4 exf4 3. Nf3 Nc6 4. d4 d6 5. Bxf4 Nf6 6. Nc3 Bg4 7. Bb5 a6 8. Bxc6+ bxc6 9. O-O Be7 10. Qe1 h6 11. Qg3 g5 12. Be3 Qd7 13. Rae1 Nh5 14. Qf2 Rf8 15. e5 d5 16. Bc1 Ng7 17. Nd1 Ne6 18. c3 c5 19. Ne3 Bxf3 20. Qxf3 Nf4 21. Ng4 Nd3 22. e6 Qb5 23. Qxd5 f6 1-0

[Event "Corr"]
[Site "?"]
[Date "2000.10.01"]
[Round "?"]
[White "Harris Hank"]
[Black "Marconi Ralph P"]
[Result "0-1"]
[WhiteElo "1591"]
[BlackElo "2129"]
[PlyCount "88"]
[EventDate "2000.??.??"]
[Source "www.chesslib.no"]
[SourceDate "2004.05.04"]

1. e4 e5 2. f4 exf4 3. Nf3 h5 4. h4 Ne7 5. Nc3 Ng6 6. Bc4 Be7 7. Nd5 Bxh4+ 8. Kf1 Bg3 9. d4 d6 10. Qd3 c6 11. Nc3 Bg4 12. Ne2 b5 13. Bb3 Qd7 14. Nxg3 fxg3 15. Bg5 f6 16. e5 Bf5 17. Qe3 fxg5 18. exd6+ Kd8 19. Qxg5+ Kc8 20. Qxg3 a5 21. a4 b4 22. Ne5 Nxe5 23. dxe5 Na6 24. Qe3 Kb7 25. Kg1 Rae8 26. Qd4 Bg4 27. Re1 Rhf8 28. Rh4 g5 29. Rxg4 Qxg4 30. Qxg4 hxg4 31. e6 Nc5 32. e7 Rf5 33. Rf1 Rxf1+ 34. Kxf1 Kc8 35. Bf7 Kd7 36. Bxe8+ Kxe8 37. b3 Ne4 38. Ke2 Nxd6 39. Ke3 Kxe7 40. Kd4 Nf5+ 41. Ke5 Ne3 42. g3 Nxc2 43. Kf5 Na1 44. Kxg5 Nxb3 0-1

[Event "MVP"]
[Site "?"]
[Date "1996.??.??"]
[Round "4"]
[White "Laser Dirk"]
[Black "Borchert Ulf"]
[Result "1-0"]
[WhiteElo "1810"]
[BlackElo "1905"]
[PlyCount "85"]
[EventDate "1996.??.??"]
[Source "www.chesslib.no"]
[SourceDate "2004.05.04"]

1. e4 e5 2. f4 exf4 3. Nf3 Nc6 4. Bc4 Na5 5. Bxf7+ Kxf7 6. Ne5+ Ke6 7. Qh5 g6 8. Nxg6 hxg6 9. Qxh8 Nh6 10. Rf1 Qh4+ 11. Rf2 Be7 12. d4 Nf7 13. d5+ Kd6 14. Qc3 g5 15. Qb4+ c5 16. dxc6+ Kxc6 17. Qxe7 Nd6 18. Bxf4 Nac4 19. b3 Qh8 20. bxc4 gxf4 21. c3 Qxh2 22. Nd2 Qh1+ 23. Nf1 Nxc4 24. Qf7 Ne3 25. Qg6+ Kc7 26. Ke2 b6 27. Nxe3 Qxa1 28. Nd5+ Kb7 29. Qd6 Qxa2+ 30. Kf3 Qc4 31. Kxf4 Qc6 32. Qe7 Qe6 33. Qd8 Qd6+ 34. Ke3 Qc5+ 35. Kf3 a5 36. Rb2 b5 37. g4 a4 38. c4 Qa3+ 39. Kf4 Qd6+ 40. e5 Qh6+ 41. Kg3 Qc6 42. Rxb5+ Ka7 43. Nb4 1-0

[Event "Arette"]
[Site "?"]
[Date "2004.08.??"]
[Round "3.11"]
[White "Bouhana Paul-Alexandre"]
[Black "Cwiek Perrine"]
[Result "1-0"]
[WhiteElo "1960"]
[BlackElo "1750"]
[PlyCount "42"]
[EventDate "2004.??.??"]
[Source "www.chesslib.no"]
[SourceDate "2004.05.04"]

1. e4 e5 2. f4 exf4 3. Nf3 Nc6 4. Bc4 d6 5. O-O Be6 6. Qe2 Qd7 7. d4 Bg4 8. Rd1 O-O-O 9. Nc3 Nf6 10. b4 Re8 11. d5 Ne5 12. Bb5 c6 13. Ba4 Qc7 14. Bxf4 Qb6+ 15. Be3 Qxb4 16. dxc6 Nxc6 17. Bxc6 bxc6 18. Qa6+ Qb7 19. Qa4 d5 20. Rab1 Qc7 21. Bxa7 Kd8 1-0

[Event "Corr"]
[Site "?"]
[Date "1999.07.30"]
[Round "?"]
[White "Jobe Tom B"]
[Black "Gruber Bernd"]
[Result "0-1"]
[WhiteElo "1666"]
[BlackElo "1994"]
[PlyCount "46"]
[EventDate "1999.??.??"]
[Source "www.chesslib.no"]
[SourceDate "2004.05.04"]

1. e4 e5 2. f4 exf4 3. Nf3 h5 4. d4 g5 5. Bc4 h4 6. Nc3 d6 7. O-O c6 8. Nxg5 Qxg5 9. Bxf4 Qg6 10. Qf3 h3 11. Bg3 Nh6 12. e5 Bg4 13. Qf4 hxg2 14. Rf2 d5 15. Nxd5 cxd5 16. Bxd5 Nc6 17. Be4 Qg7 18. d5 Nd4 19. d6 Nhf5 20. Bxb7 Rb8 21. Qe4 Nxg3 22. Bc6+ Nxc6 23. Qxc6+ Bd7 0-1

[Event "Open Avoine 2003"]
[Site "?"]
[Date "2003.07.25"]
[Round "7.96"]
[White "Grall Gwenole"]
[Black "Langlais Patrick"]
[Result "1/2-1/2"]
[WhiteElo "1935"]
[BlackElo "1690"]
[PlyCount "32"]
[EventDate "2003.??.??"]
[Source "www.chesslib.no"]
[SourceDate "2004.05.04"]

1. e4 e5 2. f4 exf4 3. Nf3 Nc6 4. Bc4 d6 5. c3 Nf6 6. O-O Ne5 7. Qb3 Nxc4 8. Qxc4 d5 9. exd5 Nxd5 10. Qe4+ Be7 11. c4 Nf6 12. Qxf4 O-O 13. d4 Bd6 14. Ne5 Ng4 15. Qg3 f6 16. c5 Bxe5 1/2-1/2

[Event "I Open Casino"]
[Site "Lugano SVI"]
[Date "2007.04.30"]
[Round "4.30"]
[White "Banchio, Davide"]
[Black "Ferrari, Matteo"]
[Result "1-0"]
[WhiteElo "1937"]
[BlackElo "1667"]
[PlyCount "45"]
[EventDate "2007.04.29"]
[Source "www.chesslib.no"]
[SourceDate "2004.05.04"]

1. e4 e5 2. f4 exf4 3. Nf3 Bc5 4. d4 Bb6 5. Bc4 d6 6. O-O Bg4 7. c3 Nd7 8. Bxf4 Ne5 9. Bxe5 dxe5 10. Bxf7+ Ke7 11. Qb3 Qd6 12. Kh1 Bxf3 13. Rxf3 Nf6 14. Nd2 exd4 15. e5 Qxe5 16. Nc4 Qc5 17. cxd4 Qxd4 18. Re1+ Kf8 19. Ne5 Rd8 20. Bg8 Rd7 21. Nxd7+ Qxd7 22. Rd1 Qe7 23. Rd8+ 1-0

[Event "Regionalliga NW 0203"]
[Site "?"]
[Date "2003.03.09"]
[Round "8.6"]
[White "Kuhn Tobias"]
[Black "Birkholz Mary"]
[Result "1-0"]
[WhiteElo "1832"]
[BlackElo "1758"]
[PlyCount "61"]
[EventDate "2003.??.??"]
[Source "www.chesslib.no"]
[SourceDate "2004.05.04"]

1. e4 e5 2. f4 exf4 3. Nf3 Nc6 4. d4 d6 5. Bxf4 Nge7 6. Nc3 Ng6 7. Bg3 Be7 8. Bc4 O-O 9. Qe2 a6 10. O-O-O b5 11. Bd5 Bd7 12. e5 Rb8 13. h4 Kh8 14. h5 Bg5+ 15. Kb1 Nf4 16. Bxf4 Bxf4 17. Qe4 Nxd4 18. Qxd4 Bh6 19. exd6 cxd6 20. Bb3 Rb6 21. Ne4 Be6 22. Nxd6 Qc7 23. Bxe6 fxe6 24. Nf7+ Kg8 25. Nxh6+ gxh6 26. Rh4 Rf5 27. Rg4+ Kf8 28. Qh8+ Ke7 29. Rg7+ Rf7 30. Rxf7+ Kxf7 31. Qxh7+ 1-0

[Event "Regionalliga NW9798"]
[Site "Bayern"]
[Date "1998.??.??"]
[Round "?"]
[White "Niedermayer, Barbara"]
[Black "Reinhard, Stefan"]
[Result "1-0"]
[WhiteElo "1770"]
[BlackElo "1775"]
[PlyCount "83"]
[EventDate "1997.??.??"]
[Source "www.chesslib.no"]
[SourceDate "2004.05.04"]

1. e4 e5 2. f4 exf4 3. Nf3 Nc6 4. Bc4 d6 5. d4 g5 6. O-O h5 7. h4 f6 8. hxg5 Na5 9. Bd3 fxg5 10. e5 Bg4 11. Bg6+ Kd7 12. Qe1 c6 13. exd6 Bxd6 14. Ne5+ Bxe5 15. dxe5 Qb6+ 16. Kh1 Rd8 17. e6+ Bxe6 18. Qe5 Ne7 19. Re1 c5 20. Bf7 Rh6 21. Nc3 Nf5 22. Na4 Qd6 23. Bxe6+ Rxe6 24. Qxf5 b6 25. b4 Nc4 26. bxc5 Qc6 27. Bxf4 gxf4 28. Qf7+ Kc8 29. Qxe6+ Qxe6 30. Rxe6 bxc5 31. Re2 Rd5 32. Rf1 Ne3 33. Rfe1 Rg5 34. Nc3 h4 35. Nd1 Nf5 36. Re5 Ng3+ 37. Kh2 Rg6 38. Rxc5+ Kb7 39. Nf2 Kb6 40. Rc4 Kb5 41. Rxf4 h3 42. Nxh3 1-0

[Event "Corr"]
[Site "?"]
[Date "1999.10.14"]
[Round "?"]
[White "Dantas Carlos"]
[Black "Mattila Jarno"]
[Result "1-0"]
[WhiteElo "2073"]
[BlackElo "1465"]
[PlyCount "21"]
[EventDate "1999.??.??"]
[Source "www.chesslib.no"]
[SourceDate "2004.05.04"]

1. e4 e5 2. f4 exf4 3. Nf3 Nc6 4. Bc4 g5 5. O-O g4 6. d4 Bh6 7. Ne5 Nxe5 8. dxe5 Ne7 9. Bxf4 Bxf4 10. Rxf4 d5 11. exd6 1-0

[Event "Catalunya-chB"]
[Site "?"]
[Date "1996.10.06"]
[Round "1"]
[White "Salas Vilalta Joan Carlos"]
[Black "Alba Fernandez David"]
[Result "1-0"]
[WhiteElo "1830"]
[BlackElo "1700"]
[PlyCount "63"]
[EventDate "1996.??.??"]
[Source "www.chesslib.no"]
[SourceDate "2004.05.04"]

1. e4 e5 2. f4 exf4 3. Nf3 Nc6 4. d4 Nf6 5. e5 Nd5 6. c4 Ne3 7. Bxe3 fxe3 8. Qb3 Bb4+ 9. Nc3 Nxd4 10. Nxd4 Qh4+ 11. g3 Qxd4 12. Rd1 Qxe5 13. Qxb4 a5 14. Qb3 d6 15. Be2 O-O 16. O-O c6 17. Rd3 f5 18. Rf4 g5 19. Rfd4 Rf6 20. Nd5 cxd5 21. Rxd5 Qe7 22. Rxe3 Qf7 23. Bf3 f4 24. Red3 h6 25. Rxd6 Rxd6 26. Rxd6 Qf8 27. Bd5+ Kh7 28. Qb6 Ra6 29. Qc7+ Qg7 30. Be4+ Kh8 31. Rd8+ Qg8 32. Qe5+ 1-0

[Event "Wattens op 15th"]
[Site "Wattens"]
[Date "2000.08.29"]
[Round "4"]
[White "Reiter, Franz"]
[Black "Sachsenhofer, Michael"]
[Result "1-0"]
[WhiteElo "1875"]
[BlackElo "1643"]
[PlyCount "59"]
[EventDate "2000.08.26"]
[Source "www.chesslib.no"]
[SourceDate "2004.05.04"]

1. e4 e5 2. f4 exf4 3. Nf3 Nc6 4. Bc4 d6 5. d4 Bg4 6. O-O Nf6 7. Nc3 g5 8. Qd3 Bxf3 9. Rxf3 h6 10. a3 a6 11. b4 Bg7 12. Bb2 O-O 13. Re1 Qd7 14. Nd5 Rae8 15. Nxf6+ Bxf6 16. g3 b5 17. Bb3 Ne7 18. Kh1 g4 19. Rxf4 Bg5 20. Rf2 c6 21. Bc1 Bxc1 22. Rxc1 d5 23. e5 Ng6 24. Rcf1 Kg7 25. c3 Qe6 26. Bc2 Rd8 27. Rf6 Qe8 28. Qf5 a5 29. Qxg4 axb4 30. Bxg6 1-0

[Event "8, Budapesti Nyar op"]
[Site "?"]
[Date "1999.04.19"]
[Round "3"]
[White "Buckley, M."]
[Black "Correa, A."]
[Result "1-0"]
[WhiteElo "1830"]
[BlackElo "1670"]
[PlyCount "107"]
[EventDate "1998.??.??"]
[Source "www.chesslib.no"]
[SourceDate "2004.05.04"]

1. e4 e5 2. f4 exf4 3. Nf3 Nc6 4. Bc4 g5 5. h4 g4 6. Ng5 Ne5 7. Nxf7 Nxf7 8. Bxf7+ Kxf7 9. Qxg4 Bh6 10. Qh5+ Kg7 11. e5 d6 12. g4 Nf6 13. exf6+ Qxf6 14. g5 Qe5+ 15. Qe2 Qxe2+ 16. Kxe2 Bg4+ 17. Kf2 Bxg5 18. hxg5 Kg6 19. Nc3 Kxg5 20. d3 h5 21. Bd2 Rae8 22. Rae1 d5 23. Nxd5 c6 24. Nc3 h4 25. Rxe8 Rxe8 26. Ne4+ Rxe4 27. dxe4 h3 28. Rh2 Be6 29. a3 Kg4 30. Kg1 Kf3 31. Rf2+ Kxe4 32. Rxf4+ Kd5 33. Kh2 a6 34. c4+ Ke5 35. Rh4 c5 36. b4 Kd6 37. Be3 b6 38. Rh6 cxb4 39. axb4 a5 40. c5+ bxc5 41. Bxc5+ Kd5 42. Rh5+ Kc6 43. bxa5 Bc8 44. Bg1 Kb7 45. Kg3 Ka6 46. Kf4 Bd7 47. Rc5 Kb7 48. Ke5 Bc6 49. Kd6 Bg2 50. Rc7+ Ka6 51. Kc5 Bb7 52. Kb4 h2 53. Bxh2 Ka7 54. Kb5 1-0

[Event "Wattens Open"]
[Site "Wattens"]
[Date "1994.??.??"]
[Round "5"]
[White "Wahl, Gerhard"]
[Black "Jedinger, Andreas"]
[Result "0-1"]
[WhiteElo "1630"]
[BlackElo "1865"]
[PlyCount "86"]
[EventDate "1994.??.??"]
[Source "www.chesslib.no"]
[SourceDate "2004.05.04"]

1. e4 e5 2. f4 exf4 3. Nf3 h5 4. Bc4 h4 5. h3 g5 6. Ne5 Nh6 7. Qh5 Qf6 8. Nxf7 Nxf7 9. Bxf7+ Ke7 10. Qg6 Qxf7 11. Qxg5+ Qf6 12. Qc5+ Kd8 13. Qf2 Qe5 14. d3 c6 15. Qxf4 Qxf4 16. Bxf4 d6 17. Nd2 Be6 18. O-O-O Nd7 19. Nf3 Kc7 20. Bg5 Bh6 21. Rdf1 Ne5 22. Bxh6 Rxh6 23. Kd2 Rg8 24. Rhg1 Nxf3+ 25. Rxf3 Rhg6 26. Kc3 Rxg2 27. Rxg2 Rxg2 28. Rf4 Rg3 29. Rxh4 Rxh3 30. Rxh3 Bxh3 31. a3 Be6 32. Kb4 Kb6 33. c4 a5+ 34. Kc3 Bh3 35. d4 c5 36. dxc5+ dxc5 37. e5 a4 38. b3 axb3 39. Kxb3 Be6 40. Kc3 Ka5 41. Kb3 b5 42. Kc3 Bxc4 43. a4 Kxa4 0-1

[Event "Wattens op 15th"]
[Site "Wattens"]
[Date "2000.08.28"]
[Round "3"]
[White "Popow, Alexander"]
[Black "Rabl, Rudolf"]
[Result "1/2-1/2"]
[WhiteElo "1942"]
[BlackElo "1513"]
[PlyCount "85"]
[EventDate "2000.08.26"]
[Source "www.chesslib.no"]
[SourceDate "2004.05.04"]

1. e4 e5 2. f4 exf4 3. Nf3 Nc6 4. d4 d6 5. Bxf4 Nf6 6. Bg5 Be7 7. Bd3 Bg4 8. c3 Nxe4 9. Bxe4 Bxg5 10. O-O O-O 11. Qd3 h6 12. Nxg5 Qxg5 13. Nd2 Rab8 14. Rf2 Ne7 15. Raf1 f5 16. Qc4+ Kh8 17. Bc2 c6 18. Nf3 Bxf3 19. Rxf3 d5 20. Qe2 Rbe8 21. Qf2 g6 22. Rg3 Qh4 23. Qd2 Kg7 24. Rf4 Qf6 25. h4 Qe6 26. Re3 Qd6 27. Rf1 Ng8 28. Rfe1 Rxe3 29. Rxe3 Rf7 30. Qe2 Re7 31. Re5 Rxe5 32. dxe5 Qe6 33. Qe3 b6 34. Bb3 Ne7 35. a4 c5 36. a5 Nc6 37. axb6 axb6 38. Ba4 Qxe5 39. Qf2 Na5 40. b4 cxb4 41. Qxb6 Qe1+ 42. Kh2 Qxh4+ 43. Kg1 1/2-1/2

[Event "Leverkusen"]
[Site "?"]
[Date "2004.01.12"]
[Round "1.24"]
[White "Hess Christian"]
[Black "Kuhnert Klaus"]
[Result "1-0"]
[WhiteElo "1983"]
[BlackElo "1459"]
[PlyCount "47"]
[EventDate "2004.??.??"]
[Source "www.chesslib.no"]
[SourceDate "2004.05.04"]

1. e4 e5 2. f4 exf4 3. Nf3 Nc6 4. d4 d6 5. Bxf4 Bg4 6. Bb5 Bd7 7. Nc3 a6 8. Be2 Nf6 9. Qd2 Qe7 10. e5 Nh5 11. Nd5 Qd8 12. Ng5 h6 13. Nxf7 Qh4+ 14. g3 Qh3 15. Nxh8 O-O-O 16. O-O-O Be6 17. Bf1 Qf5 18. Bd3 Qh3 19. Ne3 Nxf4 20. gxf4 dxe5 21. d5 Nb4 22. dxe6 Nxd3+ 23. cxd3 Qxe6 24. Kb1 1-0

[Event "SF Buer 21/74"]
[Site "?"]
[Date "1995.09.12"]
[Round "2"]
[White "Lukas Norbert"]
[Black "Hibbeln Christian"]
[Result "1-0"]
[WhiteElo "2035"]
[BlackElo "1400"]
[PlyCount "39"]
[EventDate "1995.??.??"]
[Source "www.chesslib.no"]
[SourceDate "2004.05.04"]

1. f4 e5 2. e4 exf4 3. Nf3 Nc6 4. Bc4 d6 5. d4 Bg4 6. O-O f5 7. exf5 Nf6 8. Be6 g5 9. Qe1 Bxf3 10. Rxf3 Nxd4 11. Rc3 Qe7 12. Na3 Bg7 13. g3 Nd5 14. Rd3 Nb4 15. Qxb4 c5 16. Qa4+ b5 17. Nxb5 Nxf5 18. Nxd6+ Kf8 19. Qc6 Rd8 20. Nxf5 1-0

[Event "Bahn-chV"]
[Site "?"]
[Date "2000.09.26"]
[Round "3"]
[White "Ott Guenter"]
[Black "Altner Andreas"]
[Result "1-0"]
[WhiteElo "1848"]
[BlackElo "1586"]
[PlyCount "55"]
[EventDate "2000.??.??"]
[Source "www.chesslib.no"]
[SourceDate "2004.05.04"]

1. e4 e5 2. f4 exf4 3. Nf3 Nc6 4. d4 d6 5. Bxf4 Bg4 6. Be2 Nf6 7. Nc3 h6 8. h3 Bh5 9. a3 Bxf3 10. Bxf3 Be7 11. Qd3 Nh7 12. O-O-O Bg5 13. g3 Bf6 14. Be3 Bg5 15. h4 Bxe3+ 16. Qxe3 Nf6 17. g4 Qe7 18. g5 Nd7 19. Nd5 Qd8 20. Rdf1 Ne7 21. Bh5 g6 22. Qf4 Rh7 23. Bg4 Nxd5 24. exd5 f5 25. gxf6 Kf7 26. Be6+ Kf8 27. Rhg1 Rf7 28. Qxh6+ 1-0

[Event "SLO-ch blind"]
[Site "?"]
[Date "2001.??.??"]
[Round "?"]
[White "Persuh Andrej"]
[Black "Grbec Joze"]
[Result "1/2-1/2"]
[WhiteElo "1685"]
[BlackElo "1715"]
[PlyCount "74"]
[EventDate "2001.??.??"]
[Source "www.chesslib.no"]
[SourceDate "2004.05.04"]

1. e4 e5 2. f4 exf4 3. Nf3 Bc5 4. d4 Bb6 5. Bxf4 h6 6. Bc4 d6 7. O-O Nf6 8. e5 dxe5 9. Bxe5 O-O 10. Bxf6 Qxf6 11. Kh1 Bg4 12. c3 Nc6 13. Qd3 Rad8 14. Nbd2 Bf5 15. Qe3 Na5 16. Qf4 Nxc4 17. Nxc4 g5 18. Nxg5 hxg5 19. Qxf5 Qxf5 20. Rxf5 f6 21. Re1 Rf7 22. h3 Kg7 23. a4 c6 24. Nxb6 axb6 25. Rf2 Rfd7 26. b4 Kf7 27. Kh2 c5 28. dxc5 bxc5 29. bxc5 Rd3 30. Rb2 R8d7 31. Rc1 Rc7 32. c6 bxc6 33. a5 Ra7 34. Ra2 c5 35. a6 Rd6 36. Ra5 Raxa6 37. Rxc5 Ra2 1/2-1/2

[Event "Corr"]
[Site "?"]
[Date "2000.01.12"]
[Round "?"]
[White "Nowicki Andrzej"]
[Black "Magalhaes Joao Flavio"]
[Result "1-0"]
[WhiteElo "1885"]
[BlackElo "1486"]
[PlyCount "51"]
[EventDate "2000.??.??"]
[Source "www.chesslib.no"]
[SourceDate "2004.05.04"]

1. e4 e5 2. f4 exf4 3. Nf3 Nc6 4. Bc4 Nf6 5. Nc3 Bb4 6. O-O Qe7 7. d4 Bxc3 8. bxc3 Nxe4 9. Re1 f5 10. Bxf4 h6 11. Bd5 Kd8 12. Qd3 Re8 13. Nd2 Qh4 14. Bxe4 Qxf4 15. Bxf5 d5 16. Rxe8+ Kxe8 17. Rf1 Qd6 18. Bxc8 Rxc8 19. Qh7 Ne7 20. Nf3 Qe6 21. Re1 Qf7 22. Ne5 Qg8 23. Qd3 Qe6 24. Qb5+ Kd8 25. Rf1 Nf5 26. Rxf5 1-0

[Event "Romulus, MI"]
[Site "?"]
[Date "2000.09.03"]
[Round "5.24"]
[White "Jones Gary"]
[Black "Avery Bill"]
[Result "1-0"]
[WhiteElo "1777"]
[BlackElo "1594"]
[PlyCount "61"]
[EventDate "2000.??.??"]
[Source "www.chesslib.no"]
[SourceDate "2004.05.04"]

1. e4 e5 2. f4 exf4 3. Nf3 Nc6 4. d4 d6 5. Bxf4 Nge7 6. Bc4 Ng6 7. Be3 Be7 8. O-O O-O 9. Nc3 Bd7 10. Nd5 a6 11. Nxe7+ Ncxe7 12. Ng5 d5 13. exd5 Nf5 14. Bc1 Nd6 15. Bd3 Bb5 16. Qh5 h6 17. Ne6 fxe6 18. Qxg6 Bxd3 19. Qxe6+ Kh8 20. cxd3 Rxf1+ 21. Kxf1 Qf8+ 22. Kg1 Re8 23. Bd2 Rxe6 24. dxe6 c6 25. Bb4 Qe7 26. Re1 Kg8 27. Bxd6 Qh4 28. Re4 Qg5 29. e7 Qc1+ 30. Kf2 Qd2+ 31. Re2 1-0

[Event "London ENG"]
[Site "?"]
[Date "1998.04.11"]
[Round "4"]
[White "Forman Karl"]
[Black "Walker Ellen"]
[Result "1-0"]
[WhiteElo "1832"]
[BlackElo "1536"]
[PlyCount "53"]
[EventDate "1998.??.??"]
[Source "www.chesslib.no"]
[SourceDate "2004.05.04"]

1. e4 e5 2. f4 exf4 3. Nf3 Nc6 4. Bc4 Bc5 5. d4 Bb6 6. Bxf4 d6 7. O-O Nf6 8. Kh1 O-O 9. Nc3 Bg4 10. Be3 Re8 11. Qd2 Nxe4 12. Bxf7+ Kxf7 13. Nxe4 Kg8 14. Ng3 Qe7 15. Rae1 Bxf3 16. gxf3 Qh4 17. c3 Re6 18. Bg5 Qh3 19. Rxe6 Qxe6 20. d5 Qh3 21. dxc6 bxc6 22. Be3 h5 23. Bxb6 axb6 24. Qe2 h4 25. Ne4 Rxa2 26. Ng5 Qd7 27. Qc4+ 1-0

[Event "Friendship junior (tournoi)"]
[Site "?"]
[Date "2003.11.11"]
[Round "1"]
[White "Sikula Frantisek"]
[Black "Zavadilova Jana"]
[Result "0-1"]
[WhiteElo "1578"]
[BlackElo "1786"]
[PlyCount "62"]
[EventDate "2003.??.??"]
[Source "www.chesslib.no"]
[SourceDate "2004.05.04"]

1. e4 e5 2. f4 exf4 3. Nf3 Nc6 4. d4 d6 5. Bc4 Bg4 6. O-O Qd7 7. Bxf4 O-O-O 8. Nc3 f6 9. Qd2 Nge7 10. a3 h5 11. b4 Bxf3 12. Rxf3 g5 13. Be3 Bg7 14. Bf7 Rdf8 15. Bd5 g4 16. Rff1 f5 17. Rab1 f4 18. Bf2 f3 19. b5 fxg2 20. Rfd1 Nd8 21. Qd3 Rf3 22. Qc4 Kb8 23. a4 Rhf8 24. Bg3 h4 25. Bxh4 g3 26. Bxg3 Rxg3 27. e5 Rf1+ 28. Rxf1 gxf1=Q+ 29. Kxf1 Qh3+ 30. Ke2 Qxh2+ 31. Ke1 Rg1+ 0-1